000 00757nam a2200229Ia 4500
003 GCL
008 140319s9999 xx 000 0 ara d
040 _aGCL /
_cGCL
082 0 4 _a658.301
_bج ا
100 1 _aجيماوات، بنكاج
245 1 0 _aالالتزام واستراتيجية اتخاذ القرارت الادارية /
_cجيماوات، بنكاج
700 1 _aسعاد الطنبولى
260 _a[S.N] :
_bالدار الدولية للنشر والتوزيع ،
_c1993
300 _a255
490 _a
650 0 4 _aالادارة
650 0 4 _aالقانون الادارى
650 0 4 _aتخطيط
650 0 4 _aالالتزامات الدولية
650 0 4 _aالقرارات الادارية
942 _2ddc
_cBK
999 _c30669
_d30669